All Cats - Statistics

General Stats
  • This quiz has been taken 269 times
  • The average score is 13 of 43
Answer Stats
Genus Species Common Name % Correct
Panthera leo Lion
100%
Panthera tigris Tiger
100%
Felis catus House Cat
96%
Panthera pardus Leopard
94%
Puma concolor Mountain Lion
92%
Acinonyx jubatus Cheetah
85%
Panthera onca Jaguar
83%
Caracal caracal Caracal
64%
Leptailurus serval Serval
61%
Panthera uncia Snow Leopard
57%
Lynx rufus Bobcat
56%
Leopardus pardalis Ocelot
56%
Felis silvestris European Wildcat
39%
Lynx canadensis Canadian Lynx
36%
Otocolobus manul Pallas's Cat
33%
Lynx lynx Eurasian Lynx
27%
Neofelis nebulosa Clouded Leopard
24%
Herpailurus yagouaroundi Jaguarundi
21%
Prionailurus viverrinus Fishing Cat
18%
Felis margarita Sand Cat
17%
Lynx pardinus Iberian Lynx
16%
Felis lybica African Wildcat
14%
Felis nigripes Black-footed Cat
13%
Leopardus geoffroyi Geoffroy's Cat
11%
Felis chaus Jungle Cat
11%
Leopardus wiedii Margay
10%
Catopuma temminckii Asian Golden Cat
8%
Prionailurus bengalensis Leopard Cat
8%
Leopardus pajeros Pampas Cat
8%
Prionailurus rubiginosus Rusty-spotted Cat
8%
Neofelis diardi Sunda Clouded Leopard
8%
Caracal aurata African Golden Cat
7%
Catopuma badia Bay Cat
7%
Leopardus jacobita Andean Mountain Cat
6%
Felis bieti Chinese Mountain Cat
6%
Prionailurus planiceps Flat-headed Cat
6%
Leopardus tigrinus Oncilla
6%
Leopardus guigna Kodkod
5%
Pardofelis marmorata Marbled Cat
5%
Leopardus colocola Colocolo
4%
Leopardus guttulus Southern Tigrina
4%
Prionailurus javanensis Sunda Leopard Cat
4%
Leopardus braccatus Pantanal Cat
3%
No matching quizzes found
Score Distribution
Percent of People with Each Score
Percentile by Number Answered
Your Score History
You have not taken this quiz